1832 1115 1494 1643 1232 1007 1704 1489 1068 1365 1908 1705 1812 1302 1551 1403 1192 1463 1258 1026 1888 1198 1445 1865 1802 1510 1918 1299 1102 1050 1732 1037 1973 1612 1606 1721 1672 1085 1606 1631 1179 1117 1355 1826 1018 1112 1330 1676 1650 1534 1925 1750 1174 1715 1785 1188 1486 1060 1723 1299 1763 1492 1561 1396 1455 1466 1184 1977 1051 1139 1036 1800 1634 1364 1747 1097 1074 1602 1757 1846 1928 1591 1528 1471 1259 1416 1939 1818 1076 1928 1846 1331 1615 1556 1931 1584 1714 1970 1743 BCNSPRNW ULIB Ver.6.0+V

เปลี่ยนเป็นภาษาไทย

Change to English
 แสดงรายละเอียดบรรณานุกรม
  กลับหน้าหลัก

Brief Record : Get Marc (ISO 2709) : E-mail record : QR code < ปิดหน้าต่าง
LEADER : 00000nam 2200000uu 4500
001    13399126589
003     ULIB
008    020711s2561 th a 000 0 tha d
020    ^a9786163660534
050    ^aนว^bน472ร
100    ^aนายตะวัน
245    ^aรอยรักกลางตะวัน ชุดซีรีส์ราชสีห์/^cนายตะวัน
260    ^aกรุงเทพฯ :^bแสงจันทร์นวล,^c2561
300    ^a403 หน้า;^b21 ซม.
490 0  ^aราชสีห์ ;^v8
650    ^aนวนิยาย
945    ^p330^l0^i004784
999    ^aประนอม เกษจรัล
รายการนี้ยังไม่มีแท็ก
คุณยังไม่ได้ล็อกอิน คุณสามารถมีกิจกรรมร่วมกับเว็บไซต์ได้ แต่ต้องล็อกอินก่อน ::
  ล็อกอิน

รายการสื่อสารสนเทศ

ลำดับที่ ประเภท เลขเรียก/บาร์โค้ด สถานที่ สถานะ
1. นวนิยาย
นวนิยาย
นว น472ร ฉ.1 
  Barcode: 004784
ห้องสมุดวิทยาเขตสวรรค์ประชารักษ์
►นวนิยาย
บนชั้น
  ขอยืม

รายการใกล้เคียง
    ผู้แต่ง [นายตะวัน]

    หัวเรื่อง [นวนิยาย]

BibComment


ยังไม่เคยถูกคอมเมนท์

คอมเมนท์ทรัพยากรรายการนี้
  คอมเมนท์: รอยรักกลางตะวัน ..


 Copyright 2026. Bcnsprnw @Library